| 000 | 00395 a2200157 4500 | ||
|---|---|---|---|
| 001 | 177784 | ||
| 020 | _a | ||
| 040 | _cMagnum | ||
| 100 | _aBenjamin, Walter | ||
| 240 | 1 | 0 |
_aCharles baudelaire: um lirico no auge do capitalismo _lpor |
| 245 | 1 | 0 | _aCharles baudelaire: um lirico no auge do capitalismo |
| 362 | 0 | _a1899 | |
| 440 | 1 | _aBrasiliense | |
| 697 | _aMAGNITO: A/FICCAO | ||
| 942 | _cBK | ||
| 999 |
_c177784 _d177784 |
||